| 000 | 00729nam a2200241 a 4500 | ||
|---|---|---|---|
| 005 | 20210219152938.0 | ||
| 008 | 991125n 000 0 u | ||
| 035 | _aUPN01000068133 | ||
| 100 | _aJenrette, Mardee S. | ||
| 222 | _aNEW DIRECTIONS FOR TEACHING AND LEARNING | ||
| 245 | _aCommunity college contexts for diversity : Miami-dade community college and Joliet Junior college | ||
| 300 | _a115-125 | ||
| 362 | _aNo. 52, 1992 | ||
| 505 | _aJunio 1993 | ||
| 653 | 0 | _aCOLEGIOS COMUNITARIOS | |
| 653 | 0 | _aDESARROLLO DE LA FACULTAD | |
| 653 | 0 | _aEDUCACION MULTICULTURAL | |
| 653 | 0 | _aINSTRUCCION COLEGIAL | |
| 653 | 0 | _aPLURALISMO CULTURAL | |
| 700 | _aAdams, J. Q. | ||
| 904 |
_aAC _b005944 |
||
| 905 | _aArticulo | ||
| 999 |
_c64365 _d64365 |
||